000 00363nam a2200157Ia 4500
008 230711s9999||||xx |||||||||||||| ||und||
020 _a978-0-143-41583-1
041 _aENG
082 _a800
_bPI-B
100 _aPiramal,Gita
245 0 _aBusiness maharajas
260 _c1997
_aNew Delhi
_bPenguin Books
300 _a474
650 _aLiterature
942 _cBK
999 _c5216
_d5216